| 000 | 00381nam a2200133Ia 4500 | ||
|---|---|---|---|
| 008 | 240624s9999 xx 000 0 und d | ||
| 041 | _aeng | ||
| 082 | _a658.452 BIE | ||
| 100 | _aBIENVENU SHERRON | ||
| 245 | _aPRESENTATION SKILLS WORKSHOP HELPING PEOPLE CREATE AN | ||
| 260 |
_c2008 _aNew Delhi _bPrentice-Hall of India |
||
| 300 | _axvi, : 254 : p. : cm. ; 26 | ||
| 365 |
_cRS _b36 |
||
| 999 |
_c10501 _d10501 |
||